Nel blu, dipinto di blu - Testo - Statistics

Statistiche generali
  • Questo quiz è stato fatto 164 volte
  • Il punteggio medio è 153 su 201
Statistiche sulle risposte
Testo % Corretto
blu
100%
di
100%
nel
99%
Nel
99%
dipinto
98%
la
98%
La
98%
volare
98%
Volare
98%
e
96%
E
96%
è
96%
oh
96%
Felice
95%
felice
95%
i
95%
a
94%
Cantare
94%
stare
94%
in
93%
più
93%
cielo
90%
dal
88%
del
88%
lassù
88%
su
88%
un
88%
alto
86%
volavo
85%
Ma
84%
infinito
83%
sole
83%
Mi
82%
le
80%
Poi
80%
ancora
79%
con
79%
Con
79%
d'improvviso
79%
te
79%
che
78%
Che
78%
mai
78%
non
78%
faccia
77%
così
76%
mani
76%
dipingevo
75%
ritorni
75%
vento
74%
rapito
73%
sogno
73%
venivo
73%
Penso
72%
Ed
69%
me
68%
il
64%
per
64%
incominciavo
63%
occhi
62%
tuoi
60%
Una
60%
una
60%
pian
57%
dolce
55%
Mentre
55%
mondo
55%
musica
55%
piano
55%
quaggiù
55%
suona
53%
suonava
51%
laggiù
50%
soltanto
50%
spariva
50%
negli
47%
45%
degli
42%
io
37%
come
36%
stelle
36%
sono
35%
belli
32%
sogni
31%
perché
26%
trapunto
26%
li
24%
luna
24%
tutti
24%
continuo
23%
Quando
23%
sognare
22%
svaniscon
22%
tua
22%
voce
22%
porta
21%
nell'alba
19%
tramonta
16%
scompare
12%
Nessun quiz corrispondente trovato
Distribuzione punteggi
Percentuale di utenti per punteggio
Percentile per numero di risposta
I tuoi punteggi nel tempo
Non hai fatto questo quiz